000 00757cab a22002055a 4500
001 L156575
008 120611e20120601xxk 000 0 eng d
035 _a(Sirsi) u156575
041 0 _aeng
100 1 _aWarburton, Richard
245 0 0 _aCountry Focus
_bSingapore
260 _c2012
490 _aBuilding
_v277 (8730) 1 June 2012, 50-52(2)
520 _aSingapore economic overview mentions the key infrastructure projects that are ensuring workload remains steady. Includes an economic overview, information on public housing, private residential development, commercial, infrastructure and the retail sector market.
590 _aKA
651 4 _aSingapore
690 _aConstruction management
_96230
710 _aEC Harris
_94930
942 _n0
999 _c84089
_d84089